Antropické faktory znečisťovania pôdneho fondu a regulačné opatrenia

Negatívne dôsledky a faktory pôsobiace na kvalitu pôdneho fondu. Regulačné opatrenia proti kontaminácii poľnohospodárskej pôdy.

Salvato in:
Dettagli Bibliografici
Autore principale: Sudzina, Marián
Altri autori: Kačániová, Miroslava, Stričík, Michal, 1969-
Natura: Capitolo di libro
Lingua:slovacco
Soggetti:
Tags: Aggiungi Tag
Nessun Tag, puoi essere il primo ad aggiungerne!!

MARC

LEADER 00000naa a2200000 4500
001 0219976
005 20240502073623.0
041 0 |a slo 
044 |a SK 
245 1 0 |a Antropické faktory znečisťovania pôdneho fondu a regulačné opatrenia  |c Marián Sudzina, Miroslava Kačániová, Michal Stričík 
520 |a Negatívne dôsledky a faktory pôsobiace na kvalitu pôdneho fondu. Regulačné opatrenia proti kontaminácii poľnohospodárskej pôdy. 
610 2 0 |a pôda poľnohospodárska 
610 2 0 |a fond pôdny 
610 2 0 |a klasifikácia pôdy 
610 2 0 |a ochrana pôdy 
610 2 0 |a využitie pôdy 
610 2 0 |a znečistenie pôdy 
610 2 0 |a potreba pôdy 
100 1 |a Sudzina, Marián 
700 1 |a Kačániová, Miroslava 
700 1 |a Stričík, Michal, 1969-